Loading...
| Literature - American | 0 | 8 | 0 | 4 | 80 | 65 | 118.00 | 4 | 6 | 13.96 | 52.50 |
| Literature - World | 0 | 8 | 1 | 0 | 75 | 33 | 73.25 | 3 | 8 | 37.87 | 62.50 |
| Fine Arts - Painting and Sculpture | 0 | 7 | 2 | 0 | 60 | 70 | 88.00 | 2 | 7 | 21.76 | 47.50 |
| Literature - British | 0 | 6 | 1 | 0 | 55 | 15 | 49.17 | 3 | 6 | 39.57 | 52.50 |
| Literature - European | 0 | 6 | 1 | 0 | 55 | 80 | 95.67 | 1 | 6 | 19.29 | 37.50 |
| Fine Arts - Other | 0 | 4 | 0 | 0 | 40 | 92 | 100.75 | 1 | 4 | 9.61 | 30.00 |
| Mythology | 0 | 4 | 1 | 1 | 35 | 94 | 118.00 | 0 | 3 | 3.65 | 12.50 |
| Science - Other | 0 | 3 | 0 | 0 | 30 | 49 | 73.00 | 0 | 3 | 11.41 | 17.50 |
| History - World | 0 | 3 | 1 | 0 | 25 | 61 | 79.00 | 1 | 3 | 12.16 | 20.00 |
| Fine Arts - Classical Music | 0 | 2 | 0 | 0 | 20 | 74 | 97.50 | 0 | 2 | 4.13 | 15.00 |
| Philosophy | 0 | 2 | 0 | 1 | 20 | 97 | 107.00 | 0 | 0 | 2.05 | 5.00 |
| Social Science | 0 | 1 | 0 | 1 | 10 | 121 | 121.00 | 0 | 1 | 0.00 | 5.00 |
| Geography | 0 | 1 | 0 | 0 | 10 | 90 | 90.00 | 0 | 1 | 15.65 | 37.50 |
| History - Other | 0 | 1 | 0 | 0 | 10 | 92 | 92.00 | 0 | 1 | 2.46 | 7.50 |
| Other Academic | 0 | 1 | 0 | 0 | 10 | 82 | 82.00 | 1 | 1 | 13.09 | 33.33 |
| History - European | 0 | 1 | 0 | 0 | 10 | 78 | 78.00 | 0 | 1 | 4.00 | 5.00 |
| Religion | 0 | 1 | 1 | 0 | 5 | 68 | 68.00 | 0 | 1 | 4.56 | 7.50 |
| History - American | 0 | 0 | 0 | 0 | 0 | 0.00 | 0 | 0 | 0.00 | 0.00 |